[Event "American Continental 01st"]
[Site "Cali"]
[Date "2001.08.12"]
[Round "3"]
[White "Cueto Chajtur, Johny"]
[Black "Arias, Daniel"]
[Result "1-0"]
[WhiteElo "2363"]
[BlackElo "2117"]
[PlyCount "81"]
[EventDate "2001.08.09"]
[EventType "swiss"]
[EventRounds "11"]
[EventCountry "COL"]
[SourceTitle "CBM 083 Extra"]
[Source "ChessBase"]
[SourceDate "2001.09.11"]
[SourceVersion "1"]
[SourceVersionDate "2001.09.11"]
[SourceQuality "1"]

1. d4 Nf6 2. Bg5 d5 3. Nf3 Nbd7 4. e3 h6 5. Bh4 e6 6. Bd3 c5 7. c3 Be7 8. Nbd2 0-0 9. 0-0 b6 10. Ne5 Nxe5 11. dxe5 Nd7 12. Bg3 Bb7 13. f4 c4 14. Bc2 Nc5 15. Nf3 Ne4 16. Nd4 Bh4 17. Qg4 Bxg3 18. hxg3 Qe7 19. Bxe4 dxe4 20. Kf2 f5 21. Qg6 Bd5 22. Rh1 Qf7 23. Rxh6 Qxg6 24. Rxg6 Kf7 25. Rg5 a6 26. Rd1 g6 27. g4 Rad8 28. gxf5 gxf5 29. Rh5 Kg7 30. Rdh1 Rh8 31. Rxh8 Rxh8 32. Rxh8 Kxh8 33. g4 fxg4 34. Kg3 Kg7 35. Kxg4 Kg6 36. f5+ exf5+ 37. Kf4 Kf7 38. Kxf5 b5 39. e6+ Ke7 40. Ke5 Bb7 41. Nf5+ 1-0